<?xml version="1.0" encoding="UTF-8"?>
<record
    xmlns:xsi="http://www.w3.org/2001/XMLSchema-instance"
    xsi:schemaLocation="http://www.loc.gov/MARC21/slim http://www.loc.gov/standards/marcxml/schema/MARC21slim.xsd"
    xmlns="http://www.loc.gov/MARC21/slim">

  <leader>01120    a2200205   4500</leader>
  <controlfield tag="001">57707</controlfield>
  <controlfield tag="005">20260407155836.0</controlfield>
  <controlfield tag="008">260407a1982    arg                 spa d</controlfield>
  <controlfield tag="003">AR-UNSa-BCEJYS</controlfield>
  <datafield tag="040" ind1=" " ind2=" ">
    <subfield code="a">AR-UNSa-BCEJYS</subfield>
    <subfield code="b">spa</subfield>
    <subfield code="c">AR-UNSa-BCEJYS</subfield>
  </datafield>
  <datafield tag="080" ind1=" " ind2=" ">
    <subfield code="a">338.43</subfield>
    <subfield code="x">Agricultura como una rama de la econom&#xED;a. Econom&#xED;a de los productos alimenticios</subfield>
  </datafield>
  <datafield tag="245" ind1="1" ind2="0">
    <subfield code="a">El mercado mundial de jugos de frutas</subfield>
    <subfield code="p">con especial referencia a jugos de agrios y de frutas tropicales</subfield>
  </datafield>
  <datafield tag="264" ind1=" " ind2="1">
    <subfield code="a">Ginegra :</subfield>
    <subfield code="b">CCI (Centro de Comercio Internacional)</subfield>
    <subfield code="c">1982</subfield>
  </datafield>
  <datafield tag="300" ind1=" " ind2=" ">
    <subfield code="a">xiv, 333 p.</subfield>
    <subfield code="c">23 cm.</subfield>
  </datafield>
  <datafield tag="505" ind1=" " ind2=" ">
    <subfield code="a">1. El mercado mundial - 2. B&#xE9;lgica-Luxemburgo - 3. Francia - 4. Rep&#xFA;blica Federal de Alemania - 5. Pa&#xED;ses Bajos - 6. Suecia - 7. Suiza - 8. Reino Unido - 9. Estados Unidos de Am&#xE9;rica - 10. Canad&#xE1; - 11. Jap&#xF3;n - 12. Australia - 13. Bahrein - 14. Kuwait - 15. Arabia Saudita - 16. Emiratos Arabes Unidos - 17. Rep&#xFA;blica Arabe del Yemen - 18. Notas sobre algunos mercados de Europa oriental </subfield>
  </datafield>
  <datafield tag="041" ind1=" " ind2=" ">
    <subfield code="a">spa</subfield>
  </datafield>
  <datafield tag="942" ind1=" " ind2=" ">
    <subfield code="c">BK</subfield>
  </datafield>
  <datafield tag="590" ind1=" " ind2=" ">
    <subfield code="a">niveau_biblio:m niveau_hierar:0</subfield>
  </datafield>
  <datafield tag="100" ind1="1" ind2=" ">
    <subfield code="a">Centro de Comercio Internacional (CCI)</subfield>
  </datafield>
  <datafield tag="999" ind1=" " ind2=" ">
    <subfield code="c">6231</subfield>
    <subfield code="d">6231</subfield>
  </datafield>
  <datafield tag="952" ind1=" " ind2=" ">
    <subfield code="0">0</subfield>
    <subfield code="1">0</subfield>
    <subfield code="4">0</subfield>
    <subfield code="7">0</subfield>
    <subfield code="a">BCEJYS</subfield>
    <subfield code="b">BCEJYS</subfield>
    <subfield code="c">16</subfield>
    <subfield code="d">2026-04-07</subfield>
    <subfield code="l">0</subfield>
    <subfield code="o">338.43 C397</subfield>
    <subfield code="p">L128807</subfield>
    <subfield code="r">2026-04-07 15:58:36</subfield>
    <subfield code="w">2026-04-07</subfield>
    <subfield code="y">L</subfield>
  </datafield>
</record>
